• 首页
  • 本馆介绍
  • 公告通知
  • 最新文献
  • 馆藏检索
  • 电子资源
  • 读者导购
  • 参考咨询
  • 我的图书馆
  • 登录
  • 详细信息显示
  • 放入我的书架
  • 预约/预借图书
  • 作者相关作品
  • 分类相关作品
  • 丛书相关作品
  • 出版社相关作品

书目信息

  • 表格格式
  • 工作单格式
  • 卡片格式
题名:
手绘效果图快速表现
    
 
作者: 陈路石 , 陈利亚 编著
分册:  
出版信息: 北京   清华大学出版社  2021.2
页数: 168页
开本: 26cm
丛书名:
单 册:
中图分类: TU204.11 , TS664.01
科图分类:
主题词: 建筑艺术--绘画技法 , 家具--设计 , 景观--园林设计--技法(美术)
电子资源:
ISBN: 978-7-302-37919-5
000 01094nam0 2200289 45
001 012001000153
005 20140910154706.0
010    @a978-7-302-37919-5@dCNY49.00
100    @a20150205d2015 em y0chiy50 ea
101 0  @achi
102    @aCN@b110000
105    @aa z 000yy
106    @ar
200 1  @a手绘效果图快速表现@Ashou hui xiao guo tu kuai su biao xian@b专著@f陈路石,陈利亚编著
210    @a北京@c清华大学出版社@d2021.2
215    @a168页@c彩图@d26cm
300    @a艺术设计与实践
330    @a本书共6章,主要内容包括手绘基本工具及其应用,透视基本原理及应用,马克笔上色基本技法,以及马克笔手绘在室内设计中的应用。针对马克笔手绘表现的特点,介绍了马克笔表现手法技巧在相关设计行业中的应用,并通过典型案例,大量范例,由浅入深地向读者提供了直观化的理论支持和实践指导。
606 0  @a建筑艺术@x绘画技法
606 0  @a家具@x设计
606 0  @a景观@x园林设计@x技法(美术)
690    @aTU204.11@v5
690    @aTS664.01@v5
701  0 @a陈路石@Achen lu shi@4编著
701  0 @a陈利亚@Achen li ya@4编著
801  0 @aCN@bBJSDL@c20211011
905    @b1330584-7@dTU204.11@e1825@f4
    
    手绘效果图快速表现/陈路石,陈利亚编著.-北京:清华大学出版社,2021.2
    168页:彩图;26cm
    艺术设计与实践
    
    ISBN 978-7-302-37919-5:CNY49.00
    本书共6章,主要内容包括手绘基本工具及其应用,透视基本原理及应用,马克笔上色基本技法,以及马克笔手绘在室内设计中的应用。针对马克笔手绘表现的特点,介绍了马克笔表现手法技巧在相关设计行业中的应用,并通过典型案例,大量范例,由浅入深地向读者提供了直观化的理论支持和实践指导。
●
相关链接 在E读中查询图书 在五车中查询图书 在当当中查询图书 在豆瓣中查询图书


正题名:手绘效果图快速表现     索取号:TU204.11/1825         预约/预借

序号 登录号 条形码 馆藏地/架位号 状态 备注
1 1330584   213305840   第二样本阅览室/ [索取号:TU204.11/1825] 在馆    
2 1330585   213305859   第三借阅区/ [索取号:TU204.11/1825] 在馆    
3 1330586   213305868   第三借阅区/ [索取号:TU204.11/1825] 在馆    
4 1330587   213305877   第三借阅区/ [索取号:TU204.11/1825] 在馆    
唐山师范学院图书馆 欢迎您!
大连网信软件有限公司© 版权所有